| 000 | 00654nam a22001937a 4500 | ||
|---|---|---|---|
| 003 | OSt | ||
| 005 | 20260618100431.0 | ||
| 008 | 260618b |||||||| |||| 00| 0 eng d | ||
| 020 | _a978 14 16 60 8080 | ||
| 040 | _cChuka University. | ||
| 050 |
_aLB 2805 _b. R4 2009 |
||
| 100 |
_aReeves Douglas B. _929821 |
||
| 245 |
_aLeading Change in Your School. _bHow to Conquer Myths, Build Commitment, and Get Results. |
||
| 260 |
_aAlexandria. _bAssociation for Supervision and Curriculum Development. |
||
| 300 | _a179p. | ||
| 650 |
_aEducational Change-United States. _928252 |
||
| 650 |
_aEducational Leadership-United States. _927697 |
||
| 942 |
_2lcc _cBK _n0 |
||
| 999 |
_c24662 _d24662 |
||